Finančný lízing z hľadiska DPH

Vymedzenie pojmu finančný lízing/finančný prenájom. Prax pri uplatňovaní dane z pridanej hodnoty na Slovensku pri finančnom lízingu. Zmeny, ktoré nastali v roku 2019 pri cezhraničnom lízingu. Pohľad na finančný lízing podľa Súdneho dvora EÚ. Praktické príklady.

Salvato in:
Dettagli Bibliografici
Autore principale: Betáková, Jaroslava
Natura: Capitolo di libro
Lingua:slovacco
Soggetti:
Tags: Aggiungi Tag
Nessun Tag, puoi essere il primo ad aggiungerne!!

MARC

LEADER 00000naa a2200000 4500
001 0252904
005 20190408075846.1
041 0 |a slo 
044 |a SK 
245 1 0 |a Finančný lízing z hľadiska DPH  |c Jaroslava Betáková 
520 |a Vymedzenie pojmu finančný lízing/finančný prenájom. Prax pri uplatňovaní dane z pridanej hodnoty na Slovensku pri finančnom lízingu. Zmeny, ktoré nastali v roku 2019 pri cezhraničnom lízingu. Pohľad na finančný lízing podľa Súdneho dvora EÚ. Praktické príklady. 
610 2 0 |a lízing finančný 
610 2 0 |a dane z hodnoty pridanej 
610 2 0 |a Slovensko 
610 2 0 |a Súdny dvor Európskej únie 
610 2 0 |a zákony 
610 2 0 |a novelizácia 
100 1 |a Betáková, Jaroslava